[Event "London Classic FIDE Open"]
[Site "London ENG"]
[Date "2011.12.03"]
[Round "1.1"]
[White "Rogers, Tim L"]
[Black "Gupta, Abhijeet"]
[Result "0-1"]
[BlackTitle "GM"]
[WhiteElo "2061"]
[BlackElo "2640"]
[WhiteFideId "418137"]
[BlackFideId "5010608"]
[EventDate "2011.12.03"]

1. e4 c5 2. Nf3 d6 3. d4 cxd4 4. Nxd4 Nf6 5. Nc3 Nc6 6. Bg5 e6 7. Qd2 Be7 8.
O-O-O a6 9. Kb1 O-O 10. Be2 Bd7 11. f4 b5 12. Bf3 Rc8 13. Rhe1 Na5 14. e5 Nc4
15. Qd3 Ne8 16. Bxe7 Qxe7 17. exd6 Nexd6 18. f5 e5 19. Nd5 Qd8 20. f6 gxf6 21.
Be4 Nxe4 22. Qxe4 exd4 23. Ne7+ Kg7 24. Qxd4 Be6 25. Nxc8 Qxd4 26. Rxd4 Rxc8 27.
c3 Rc5 28. b3 Re5 29. Rxe5 fxe5 30. Rd1 Ne3 31. Re1 Nxg2 32. Rxe5 Nf4 33. Re3 f5
34. Kc2 Kf6 35. Kd2 h5 36. Rf3 Ng2 37. Rf2 Bd5 38. c4 bxc4 39. bxc4 Be4 40. Kc3
Ke5 41. Rf1 f4 42. c5 f3 43. Rc1 Bc6 44. Kd3 Bb5+ 0-1

[Event "London Classic FIDE Open"]
[Site "London ENG"]
[Date "2011.12.03"]
[Round "1.2"]
[White "Jones, Gawain C B"]
[Black "Ruston, Mark R"]
[Result "1-0"]
[WhiteTitle "GM"]
[WhiteElo "2635"]
[BlackElo "2061"]
[WhiteFideId "409561"]
[BlackFideId "410020"]
[EventDate "2011.12.03"]

1. e4 e6 2. d4 d5 3. Nd2 Nf6 4. e5 Nfd7 5. Bd3 c5 6. c3 Nc6 7. Ngf3 cxd4 8. cxd4
Be7 9. b3 O-O 10. Bb2 Qb6 11. Qc2 h6 12. a3 a5 13. O-O Rd8 14. Rfe1 Nf8 15. Nf1
Bd7 16. Rab1 Rdc8 17. Qd1 Na7 18. a4 Qd8 19. Ng3 b5 20. Bc1 Bb4 21. Re3 Qe8 22.
Nh4 Be7 23. Qg4 Bxh4 24. Qxh4 Qd8 25. Qh3 bxa4 26. Nh5 axb3 27. Nf6+ Kh8 28. Rg3
Rxc1+ 29. Rxc1 b2 30. Qxh6+ 1-0

[Event "London Classic FIDE Open"]
[Site "London ENG"]
[Date "2011.12.03"]
[Round "1.3"]
[White "Kluger, Carsten"]
[Black "Tikkanen, Hans"]
[Result "0-1"]
[BlackTitle "GM"]
[WhiteElo "2060"]
[BlackElo "2586"]
[WhiteFideId "4680855"]
[BlackFideId "1706446"]
[EventDate "2011.12.03"]

1. e4 e6 2. Nc3 c5 3. g3 Nc6 4. Bg2 g6 5. f4 d6 6. Nf3 Bg7 7. d3 Nge7 8. Ne2 b6
9. O-O O-O 10. c3 Ba6 11. Re1 Qd7 12. Be3 Rac8 13. Qc2 d5 14. Rad1 dxe4 15. dxe4
Qc7 16. g4 Bh6 17. Qc1 f5 18. gxf5 Bxe2 19. Rxe2 exf5 20. e5 Rfd8 21. Red2 Rxd2
22. Rxd2 Rd8 23. Qd1 Rxd2 24. Qxd2 Kf8 25. h4 Qd8 26. Ng5 Qxd2 27. Bxd2 Bxg5 28.
hxg5 Kg7 29. b4 cxb4 30. cxb4 Kf7 31. Kf2 Ke6 32. a3 Nd4 33. a4 Nb3 34. Be1 a5
35. bxa5 bxa5 36. Bf3 Nc5 37. Bxa5 Nd5 38. Bd2 Nxa4 39. Bd1 Nc5 40. Bc2 Ke7 41.
Kf3 Ne6 42. Be3 Ndxf4 43. Bxf5 gxf5 44. Bxf4 Nxf4 45. Kxf4 Ke6 0-1

[Event "London Classic FIDE Open"]
[Site "London ENG"]
[Date "2011.12.03"]
[Round "1.4"]
[White "Berg, Emanuel"]
[Black "Varnam, Liam D"]
[Result "1-0"]
[WhiteTitle "GM"]
[WhiteElo "2566"]
[BlackElo "2059"]
[WhiteFideId "1704060"]
[BlackFideId "410950"]
[EventDate "2011.12.03"]

1. e4 c5 2. Nf3 Nc6 3. d4 cxd4 4. Nxd4 Nf6 5. Nc3 e5 6. Ndb5 d6 7. Bg5 a6 8. Na3
b5 9. Bxf6 gxf6 10. Nd5 f5 11. c3 Bg7 12. Bd3 Be6 13. Nxb5 axb5 14. Bxb5 Bd7 15.
exf5 Nb8 16. Bd3 Bc6 17. Be4 Nd7 18. O-O Rc8 19. a4 Bxd5 20. Bxd5 Nf6 21. a5
Nxd5 22. Qxd5 Rc5 23. Qf3 O-O 24. a6 Qa8 25. b4 Qxf3 26. gxf3 Rb5 27. a7 Ra8 28.
Ra6 d5 29. f6 Bf8 30. Rd1 Rb7 31. Rxd5 Rbxa7 32. Rxa7 Rxa7 33. b5 Ra1+ 34. Kg2
Rc1 35. Rxe5 Rxc3 36. Re8 Rb3 37. Rb8 Rb4 38. Kg3 h6 39. f4 Rb3+ 40. Kg4 Rb2 41.
Kf3 Rb4 42. Ke3 Rc4 43. h4 Rb4 44. Kf3 h5 45. b6 Rc4 46. Ke3 Rb4 47. Kf3 Rc4 48.
b7 Rb4 49. f5 Rb2 50. Ke3 Rb4 51. f3 Rb1 52. Kf4 Rb3 53. Kg5 Rb5 54. f4 Rb2 55.
Kxh5 Rb5 56. Kg4 Kh7 57. Rxf8 Rxb7 58. Kg5 Rc7 59. Kh5 Rd7 60. Kg4 Rb7 61. Kf3
Ra7 62. Ke4 Rc7 63. Kd5 Rd7+ 64. Ke5 Rb7 65. Kd6 Ra7 66. Kd5 Rd7+ 67. Ke5 Ra7
68. Kd6 Rb7 69. Ra8 Rb5 70. Ke7 Rxf5 71. Kxf7 Rxf4 72. Ra5 Rxh4 73. Rg5 Rh1 74.
Rg2 Rh3 75. Rg7+ Kh8 76. Rg2 Kh7 77. Rg1 Rh2 78. Re1 Rh3 79. Ke7 Ra3 80. f7 1-0

[Event "London Classic FIDE Open"]
[Site "London ENG"]
[Date "2011.12.03"]
[Round "1.5"]
[White "Hansen, Pal Andreas"]
[Black "Pert, Nicholas"]
[Result "0-1"]
[BlackTitle "GM"]
[WhiteElo "2056"]
[BlackElo "2563"]
[WhiteFideId "1506145"]
[BlackFideId "403989"]
[EventDate "2011.12.03"]

1. d4 e6 2. Nf3 f5 3. g3 Nf6 4. Bg2 Be7 5. O-O O-O 6. b3 a5 7. Bb2 a4 8. c4 Ne4
9. d5 a3 10. Bd4 c5 11. Bc3 Bf6 12. Qc2 d6 13. Nfd2 Nxc3 14. Nxc3 Na6 15. dxe6
Nb4 16. Qc1 Nc6 17. e7 Nxe7 18. Rb1 Kh8 19. Nf3 Qa5 20. Nd1 d5 21. cxd5 Nxd5 22.
Nd2 Be6 23. Nc4 Qa6 24. Bf3 Nb4 25. Nde3 Nxa2 0-1

[Event "London Classic FIDE Open"]
[Site "London ENG"]
[Date "2011.12.03"]
[Round "1.6"]
[White "Cornette, Matthieu"]
[Black "Warman, Simon M"]
[Result "1-0"]
[WhiteTitle "GM"]
[WhiteElo "2548"]
[BlackElo "2056"]
[WhiteFideId "620084"]
[BlackFideId "408867"]
[EventDate "2011.12.03"]

1. e4 c5 2. Nf3 e6 3. d4 cxd4 4. Nxd4 a6 5. Be2 Nf6 6. Nc3 Qc7 7. O-O Nc6 8. Kh1
Be7 9. f4 d6 10. Nxc6 bxc6 11. Qd3 O-O 12. b3 a5 13. Qg3 Ba6 14. Bxa6 Rxa6 15.
e5 Nd5 16. Ne4 dxe5 17. fxe5 f6 18. c4 Nb4 19. Bh6 Rf7 20. a3 Nc2 21. Rad1 Qxe5
22. Nxf6+ Bxf6 23. Qxe5 1-0

[Event "London Classic FIDE Open"]
[Site "London ENG"]
[Date "2011.12.03"]
[Round "1.7"]
[White "Milnes, Anthony C P"]
[Black "Hillarp Persson, Tiger"]
[Result "0-1"]
[BlackTitle "GM"]
[WhiteElo "2055"]
[BlackElo "2530"]
[WhiteFideId "409634"]
[BlackFideId "1700812"]
[EventDate "2011.12.03"]

1. f4 g6 2. Nf3 Bg7 3. e4 d6 4. d4 c5 5. dxc5 Qa5+ 6. c3 Qxc5 7. Bd3 Nd7 8. Qe2
b6 9. Be3 Qc7 10. O-O Bb7 11. Nbd2 Ngf6 12. Bc2 O-O 13. Nd4 Nc5 14. Bf2 e5 15.
fxe5 dxe5 16. N4b3 Ba6 17. c4 Ne6 18. Be3 h5 19. h3 Rac8 20. Bd3 Nd7 21. Rac1
Nf4 22. Bxf4 exf4 23. Nf3 Ne5 24. Nxe5 Qxe5 25. Rc2 Rfd8 26. Qf3 Rc7 27. Rd1
Rcd7 28. Be2 Rxd1+ 29. Bxd1 Bb7 30. Rd2 Rxd2 31. Nxd2 Qxb2 32. Qd3 Qd4+ 33. Qxd4
Bxd4+ 34. Kf1 Be3 0-1

[Event "London Classic FIDE Open"]
[Site "London ENG"]
[Date "2011.12.03"]
[Round "1.9"]
[White "Kristinsson, Bjarni Jens"]
[Black "Grover, Sahaj"]
[Result "0-1"]
[BlackTitle "IM"]
[WhiteElo "2045"]
[BlackElo "2515"]
[WhiteFideId "2302950"]
[BlackFideId "5021103"]
[EventDate "2011.12.03"]

1. e4 c5 2. Nf3 d6 3. d4 cxd4 4. Nxd4 Nf6 5. Nc3 a6 6. Bg5 e6 7. f4 h6 8. Bh4
Qb6 9. a3 Nc6 10. Bf2 Qc7 11. Be2 Nxd4 12. Qxd4 e5 13. Qd2 Be7 14. O-O O-O 15.
f5 b5 16. Bf3 Bb7 17. g4 Rfd8 18. Rfe1 Rac8 19. Rac1 Qc4 20. Re3 d5 21. Be2 Qc7
22. exd5 Nxd5 23. Nxd5 Rxd5 24. Rd3 Rxd3 25. Qxd3 Qc6 0-1

[Event "London Classic FIDE Open"]
[Site "London ENG"]
[Date "2011.12.03"]
[Round "1.10"]
[White "Wells, Peter K"]
[Black "Shepley, Julien M"]
[Result "1-0"]
[WhiteTitle "GM"]
[WhiteElo "2492"]
[BlackElo "2043"]
[WhiteFideId "400327"]
[BlackFideId "403210"]
[EventDate "2011.12.03"]

1. Nf3 Nf6 2. c4 e6 3. g3 d5 4. d4 c5 5. Bg2 Nc6 6. O-O cxd4 7. Nxd4 Be7 8. cxd5
exd5 9. Nc3 O-O 10. Be3 Na5 11. Bg5 Be6 12. Rc1 h6 13. Bxf6 Bxf6 14. e3 Qd7 15.
Na4 b6 16. Nxe6 fxe6 17. e4 Rad8 18. exd5 exd5 19. Nc3 Bxc3 20. Rxc3 Nc4 21. Rc2
b5 22. b3 Nb6 23. Qd4 Rf7 24. Rfc1 Qf5 25. Rc5 Rdf8 26. Rf1 a6 27. Rc6 Nd7 28.
Bxd5 Ne5 29. Rc3 Rd8 30. Bxf7+ Nxf7 31. Qe3 Ng5 32. Rc5 Qd7 33. Rfc1 Ne6 34. Re5
Nd4 35. Qe4 1-0

[Event "London Classic FIDE Open"]
[Site "London ENG"]
[Date "2011.12.03"]
[Round "1.11"]
[White "Seymour, Timothy P"]
[Black "Smith, Axel"]
[Result "1-0"]
[BlackTitle "IM"]
[WhiteElo "2033"]
[BlackElo "2480"]
[WhiteFideId "412112"]
[BlackFideId "1707930"]
[EventDate "2011.12.03"]

1. e4 e5 2. Nf3 Nc6 3. Bb5 a6 4. Ba4 b5 5. Bb3 Na5 6. d4 exd4 7. Qxd4 Ne7 8. Bg5
f6 9. Bh4 Bb7 10. Bg3 Nxb3 11. axb3 d5 12. e5 Nf5 13. Qf4 Nxg3 14. hxg3 Qe7 15.
Nbd2 fxe5 16. Nxe5 g5 17. Qe3 Bg7 18. f4 Bxe5 19. fxe5 O-O-O 20. O-O-O d4 21.
Qe2 Rhe8 22. Nf3 c5 23. g4 Kb8 24. Rh6 Rd6 25. Rxd6 Qxd6 26. exd6 Rxe2 27. Nxg5
Kc8 28. b4 cxb4 29. Rxd4 Bc6 30. Nxh7 Rxg2 31. Nf6 b3 32. cxb3 Bd7 33. Re4 a5
34. Re5 Bxg4 35. Re8+ Kb7 36. Nxg4 Kc6 37. Ne3 Rg1+ 38. Kc2 Kxd6 39. Ra8 Ra1 40.
b4 Re1 41. Ra6+ Ke5 42. Kd2 Rb1 43. Rxa5 Kd4 44. Nc2+ Kc4 45. Na3+ Kxb4 46.
Rxb5+ Ka4 47. Nxb1 Kxb5 48. Kc3 1-0

[Event "London Classic FIDE Open"]
[Site "London ENG"]
[Date "2011.12.03"]
[Round "1.12"]
[White "Das, Arghyadip"]
[Black "Lenier, Jude A"]
[Result "1-0"]
[WhiteTitle "IM"]
[WhiteElo "2470"]
[BlackElo "2030"]
[WhiteFideId "5003610"]
[BlackFideId "470678"]
[EventDate "2011.12.03"]

1. e4 e5 2. Nf3 Nc6 3. Bc4 Bc5 4. c3 Nf6 5. d3 a6 6. Bb3 Ba7 7. Nbd2 O-O 8. h3
h6 9. Nf1 d5 10. Qe2 Be6 11. Ng3 Qd7 12. Bc2 b5 13. Nh4 Ne7 14. Qf3 Ng4 15. O-O
Nxf2 16. Rxf2 Bxf2+ 17. Qxf2 f5 18. exf5 Nxf5 19. Ngxf5 Bxf5 20. Qg3 Rf6 21. Bd2
Raf8 22. Re1 d4 23. Kh2 Be6 24. Ng6 Rxg6 25. Qxg6 Rf2 26. Rxe5 Bf7 27. Bb3 1-0

[Event "London Classic FIDE Open"]
[Site "London ENG"]
[Date "2011.12.03"]
[Round "1.13"]
[White "Hoegener, Claude"]
[Black "Hunt, Adam C"]
[Result "0-1"]
[BlackTitle "IM"]
[WhiteElo "2028"]
[BlackElo "2458"]
[WhiteFideId "4000978"]
[BlackFideId "403970"]
[EventDate "2011.12.03"]

1. d4 Nf6 2. Nf3 g6 3. Bg5 Bg7 4. Nbd2 O-O 5. e3 d6 6. c3 Qe8 7. Bd3 e5 8. Qc2
Bg4 9. h3 Bxf3 10. gxf3 exd4 11. cxd4 Nc6 12. Bxf6 Bxf6 13. Ne4 Bg7 14. O-O-O
Nb4 15. Qb3 Nxd3+ 16. Rxd3 Qd7 17. h4 Qf5 18. Qd1 a5 19. h5 a4 20. hxg6 fxg6 21.
Rc3 c5 22. a3 cxd4 23. exd4 b5 24. Qd3 Rab8 25. Rg1 b4 26. axb4 Rxb4 27. Rc4 0-1

[Event "London Classic FIDE Open"]
[Site "London ENG"]
[Date "2011.12.03"]
[Round "1.14"]
[White "Pert, Richard G"]
[Black "De Coverly, Roger D"]
[Result "1-0"]
[WhiteTitle "IM"]
[WhiteElo "2455"]
[BlackElo "2027"]
[WhiteFideId "404748"]
[BlackFideId "405213"]
[EventDate "2011.12.03"]

1. d4 g6 2. e4 Bg7 3. Nc3 d6 4. Be3 a6 5. Nf3 Nf6 6. h3 b5 7. e5 Nfd7 8. Ng5 Nb6
9. Bd3 O-O 10. f4 Bb7 11. Qe2 e6 12. O-O-O N8d7 13. h4 Qe7 14. h5 Rfc8 15. hxg6
hxg6 16. Qg4 Nf8 17. Rh4 f6 18. exf6 Qxf6 19. Rdh1 c5 20. Nce4 Bxe4 21. Nxe4 Qe7
22. dxc5 dxc5 23. Qh3 Nd5 24. Bd2 Kf7 25. Ng5+ Ke8 26. Re1 Rc6 27. Be4 Rd8 28.
Qf3 b4 29. Rh3 Rb6 30. Qb3 Nf6 31. Bxg6+ Kd7 32. Rd3+ Kc7 33. Rxd8 Kxd8 34. Bd3
Qd7 35. Bc4 Nd5 36. f5 exf5 37. Bxd5 Rd6 38. Nf7+ 1-0

[Event "London Classic FIDE Open"]
[Site "London ENG"]
[Date "2011.12.03"]
[Round "1.15"]
[White "Heaton, Paul"]
[Black "Chevelevitch, Evgueni"]
[Result "0-1"]
[BlackTitle "IM"]
[WhiteElo "2026"]
[BlackElo "2435"]
[WhiteFideId "411116"]
[BlackFideId "4684257"]
[EventDate "2011.12.03"]

1. c4 e5 2. g3 Nf6 3. Bg2 d5 4. cxd5 Nxd5 5. Nc3 Nb6 6. Nf3 Nc6 7. O-O Be7 8. a3
O-O 9. b4 Be6 10. d3 a5 11. b5 Nd4 12. Nd2 a4 13. Bxb7 Ra5 14. Rb1 Qe8 15. Bb2
Nxb5 16. Nxb5 Rxb5 17. Bg2 Qd7 18. Nf3 f6 19. d4 Ba2 20. Qc2 Bxb1 21. Rxb1 e4
22. Nd2 f5 23. f3 e3 24. Nc4 Qc6 25. Nxe3 Qxc2 26. Nxc2 Nc4 27. Nb4 Bxb4 28. Bc3
Bxc3 29. Rxb5 Bxd4+ 0-1

[Event "London Classic FIDE Open"]
[Site "London ENG"]
[Date "2011.12.03"]
[Round "1.16"]
[White "Cox, John J"]
[Black "Svaralova, Monika"]
[Result "1/2-1/2"]
[WhiteTitle "IM"]
[WhiteElo "2423"]
[BlackElo "2025"]
[WhiteFideId "401064"]
[BlackFideId "14927420"]
[EventDate "2011.12.03"]

1. c4 e5 2. g3 Nc6 3. Nc3 g6 4. Bg2 Bg7 5. e4 d6 6. Nge2 f5 7. d3 Nf6 8. O-O O-O
9. Nd5 Ne7 10. Nxf6+ Bxf6 11. Bh6 Bg7 12. Bxg7 Kxg7 13. Qd2 fxe4 14. Bxe4 Bh3
15. Rfe1 c6 16. Bg2 Bxg2 17. Kxg2 Nf5 18. d4 Qf6 19. dxe5 Nh4+ 20. gxh4 Qf3+ 21.
Kg1 Qxf2+ 1/2-1/2

[Event "London Classic FIDE Open"]
[Site "London ENG"]
[Date "2011.12.03"]
[Round "1.17"]
[White "Cannon, Raymond C"]
[Black "Summerscale, Aaron P"]
[Result "0-1"]
[BlackTitle "GM"]
[WhiteElo "2024"]
[BlackElo "2422"]
[WhiteFideId "408018"]
[BlackFideId "400980"]
[EventDate "2011.12.03"]

1. e4 e6 2. d4 d5 3. Nd2 c5 4. dxc5 Bxc5 5. Bd3 Nf6 6. Qe2 Nc6 7. Ngf3 Nb4 8.
O-O O-O 9. e5 Nd7 10. Nb3 Be7 11. Nbd4 Nc5 12. a3 Nbxd3 13. cxd3 a5 14. Bd2 Bd7
15. b4 axb4 16. axb4 Na4 17. Rfc1 Qb6 18. Qe3 Rac8 19. h3 h6 20. Kh2 Rxc1 21.
Rxc1 Bxb4 22. Bxb4 Qxb4 23. Rc7 Rd8 24. Nc2 Qb3 25. Qf4 Qxd3 26. Qh4 Rf8 27.
Rxd7 Qxc2 28. Rxb7 Nb2 29. Nd4 Qc3 30. Rb3 Qd2 31. Rg3 Kh8 32. Qe7 Rg8 33. Nf3
Qf4 34. Kg1 Nd3 35. Rg4 Qc1+ 36. Kh2 Nxf2 37. Rh4 Qh1+ 38. Kg3 Ne4+ 39. Rxe4
dxe4 0-1

[Event "London Classic FIDE Open"]
[Site "London ENG"]
[Date "2011.12.03"]
[Round "1.18"]
[White "Arkell, Keith C"]
[Black "Compton, Alistair"]
[Result "1/2-1/2"]
[WhiteTitle "GM"]
[WhiteElo "2418"]
[BlackElo "2024"]
[WhiteFideId "400270"]
[BlackFideId "4300645"]
[EventDate "2011.12.03"]

1. d4 e6 2. c4 d5 3. Nf3 c5 4. cxd5 exd5 5. Bg5 Be7 6. Bxe7 Nxe7 7. dxc5 Qa5+ 8.
Nc3 Nbc6 9. e3 Qxc5 10. Rc1 O-O 11. Be2 Be6 12. O-O Qb6 13. Na4 Qc7 14. Nc5 Rad8
15. b4 Qb8 16. b5 Na5 17. Nd4 Bc8 18. Qa4 b6 19. Ncb3 Nxb3 20. Qxb3 Bb7 21. Bf3
a5 22. Nc6 Bxc6 23. bxc6 Qc7 24. Rfd1 Rd6 25. Bxd5 Nxd5 26. Rxd5 Rxc6 27. Rxc6
Qxc6 28. h4 h6 29. Rb5 Rb8 30. h5 Qc1+ 31. Kh2 Qc7+ 32. f4 Qe7 33. Kg3 Re8 34.
Re5 Qd8 35. Rxe8+ Qxe8 36. Qxb6 Qa4 37. Qb8+ Kh7 38. Qb1+ Kg8 39. Kf3 Qc4 40. g4
a4 41. Kf2 a3 42. Kf3 Qd5+ 43. Kg3 Qe6 44. Kf2 Qc4 45. Kf3 Qd5+ 46. e4 Qc4 47.
g5 Qc3+ 48. Kg4 Qc8+ 49. Kh4 hxg5+ 50. fxg5 Qe6 51. Qc2 Kh8 52. Qe2 Kg8 53. Qc2
Kh8 54. Kg3 Qe5+ 55. Kg4 Qe6+ 56. Kf4 Qh3 57. Qe2 Qh4+ 58. Kf5 Qh3+ 59. Ke5 Qg3+
60. Kd4 Qxg5 61. Kc4 Qa5 62. Kb3 Kg8 63. e5 Qa8 64. Qe3 Kh7 65. Kb4 Qf8+ 66. Ka4
Qa8+ 67. Kb3 Kg8 68. Qf4 Qh1 69. Qf5 Qb7+ 70. Kxa3 Qa7+ 71. Kb3 Qb6+ 72. Kc3
Qa5+ 73. Kb2 Qb4+ 74. Kc1 Qa3+ 75. Kb1 Qb4+ 76. Kc2 Qa4+ 1/2-1/2

[Event "London Classic FIDE Open"]
[Site "London ENG"]
[Date "2011.12.03"]
[Round "1.19"]
[White "Andersen, Niels Erik"]
[Black "Houska, Jovanka"]
[Result "0-1"]
[BlackTitle "IM"]
[WhiteElo "2018"]
[BlackElo "2415"]
[WhiteFideId "1406507"]
[BlackFideId "405094"]
[EventDate "2011.12.03"]

1. d4 d5 2. Nf3 Nf6 3. g3 c6 4. Bg2 Bf5 5. Nbd2 e6 6. O-O Be7 7. c3 Nbd7 8. Re1
h6 9. Ne5 Nxe5 10. dxe5 Ng4 11. Nf3 Bc5 12. Nd4 Nxe5 13. e4 dxe4 14. Bxe4 Bxe4
15. Rxe4 Qd5 16. Qe2 Bxd4 17. cxd4 Ng6 18. b3 O-O 19. Bb2 Rfd8 20. Rc1 Qa5 21.
a3 Rd5 22. b4 Qd8 23. Rc5 Qd7 24. Qc2 a6 25. Re1 Ne7 26. Re5 Rd8 27. Re4 Nf5 28.
Rc4 Nd6 0-1

[Event "London Classic FIDE Open"]
[Site "London ENG"]
[Date "2011.12.03"]
[Round "1.20"]
[White "Roy Chowdhury, Saptarshi"]
[Black "Frank-Nielsen, Marie"]
[Result "1-0"]
[WhiteTitle "IM"]
[BlackTitle "WFM"]
[WhiteElo "2411"]
[BlackElo "2015"]
[WhiteFideId "5002974"]
[BlackFideId "1409344"]
[EventDate "2011.12.03"]

1. e4 e5 2. Bc4 Nf6 3. d3 Bc5 4. Nf3 d6 5. c3 O-O 6. Nbd2 c6 7. Bb3 Bg4 8. h3
Bh5 9. Nf1 Qb6 10. Qe2 d5 11. Ng3 Nbd7 12. O-O Rae8 13. Nxh5 Nxh5 14. d4 exd4
15. cxd4 Rxe4 16. dxc5 Qxb3 17. Qxe4 dxe4 18. axb3 exf3 19. Rxa7 Nxc5 20. Be3 b6
21. Rc1 Nxb3 22. Rxc6 Na5 23. Rc3 1-0

[Event "London Classic FIDE Open"]
[Site "London ENG"]
[Date "2011.12.03"]
[Round "1.21"]
[White "Bryant, Jon"]
[Black "D'Costa, Lorin A R"]
[Result "0-1"]
[BlackTitle "IM"]
[WhiteElo "2012"]
[BlackElo "2409"]
[WhiteFideId "416703"]
[BlackFideId "409219"]
[EventDate "2011.12.03"]

1. d4 Nf6 2. c4 g6 3. Nf3 Bg7 4. g3 O-O 5. Bg2 d5 6. cxd5 Nxd5 7. O-O Nb6 8. Nc3
Nc6 9. e3 Re8 10. Qe2 e5 11. d5 Nxd5 12. Nxd5 Qxd5 13. Rd1 Qc5 14. Nd2 Qe7 15.
Nc4 e4 16. Rb1 Bf5 17. b3 Qe6 18. Qf1 Nb4 19. Bb2 Rad8 20. Bxg7 Kxg7 21. Rxd8
Rxd8 22. Rd1 Rxd1 23. Qxd1 Nd3 24. Qd2 b6 25. Nb2 c5 26. Nxd3 exd3 27. Qc3+ Qf6
28. Qxf6+ Kxf6 29. Kf1 b5 30. Bc6 c4 31. Bxb5 c3 32. Ke1 Be4 33. f4 Ke7 34. b4
Kd6 35. Bc4 d2+ 36. Kd1 Bf3+ 37. Be2 c2+ 38. Kxc2 Bxe2 39. Kxd2 Bc4 40. a3 Kd5 0-1

[Event "London Classic FIDE Open"]
[Site "London ENG"]
[Date "2011.12.03"]
[Round "1.21"]
[White "Thorfinnsson, Bjorn"]
[Black "Johansen, Stian"]
[Result "1-0"]
[WhiteTitle "IM"]
[WhiteElo "2402"]
[BlackElo "2012"]
[WhiteFideId "2300982"]
[BlackFideId "1508121"]
[EventDate "2011.12.03"]

1. Nf3 Nf6 2. g3 g6 3. Bg2 Bg7 4. c4 c5 5. O-O O-O 6. Nc3 Nc6 7. d4 cxd4 8. Nxd4
Qb6 9. Nc2 d6 10. h3 Be6 11. b3 Nd7 12. Bb2 Nc5 13. Rb1 Qa5 14. Qd2 Nd7 15. Rfd1
Rac8 16. Kh2 Qb6 17. e4 Nc5 18. Nd5 Bxd5 19. Bxg7 Kxg7 20. exd5 Ne5 21. f4 Ned7
22. Re1 Rfe8 23. Re3 Nf6 24. Rbe1 Rc7 25. Qc3 Qa6 26. a4 Nxa4 27. Qd4 Nc5 28. g4
Rec8 29. Ra1 Nxb3 30. Rxb3 Qxc4 31. Qxc4 Rxc4 32. Ne3 Rxf4 33. Rxa7 Rc7 34.
Raxb7 Rxb7 35. Rxb7 Kf8 36. g5 Nh5 1-0

[Event "London Classic FIDE Open"]
[Site "London ENG"]
[Date "2011.12.03"]
[Round "1.23"]
[White "Doran, Chris"]
[Black "Slavin, Alexei"]
[Result "0-1"]
[BlackTitle "IM"]
[WhiteElo "2011"]
[BlackElo "2400"]
[WhiteFideId "503835"]
[BlackFideId "24104388"]
[EventDate "2011.12.03"]

1. e4 c5 2. Nf3 g6 3. d4 Bg7 4. Be3 Nf6 5. Nc3 Ng4 6. Bc4 Nxe3 7. fxe3 O-O 8.
O-O Nc6 9. a3 d6 10. Ne2 b6 11. c3 Bb7 12. Nf4 Na5 13. Bd3 e5 14. Nh3 c4 15. Bc2
Bh6 16. Qe2 Qe7 17. Rae1 Bc6 18. Nd2 Rac8 19. Nf2 Bg7 20. Qg4 Bd7 21. Qg3 b5 22.
Nf3 Rb8 23. h4 h5 24. Nh3 Bg4 25. Nf2 Bd7 26. Nh3 Rbe8 27. Kh1 Nc6 28. Nd2 Bg4
29. Nf2 Bf6 30. Nxg4 Bxh4 31. Nh6+ Kh7 32. Nf5 Bxg3 33. Nxe7 Bxe1 34. Nxc6 Bxd2
35. Nxa7 Rb8 36. Nc6 Rb7 37. dxe5 dxe5 38. Nxe5 Bxe3 39. a4 Kg7 40. axb5 Rc8 41.
b3 cxb3 42. Bxb3 Rxb5 43. Bd5 f6 44. Nc4 Rxd5 45. Nxe3 Re5 0-1

[Event "London Classic FIDE Open"]
[Site "London ENG"]
[Date "2011.12.03"]
[Round "1.24"]
[White "Hassan, Abdullah"]
[Black "Gschwendtner, Stanislav"]
[Result "1-0"]
[WhiteTitle "IM"]
[WhiteElo "2398"]
[BlackElo "2011"]
[WhiteFideId "9300481"]
[BlackFideId "307297"]
[EventDate "2011.12.03"]

1. d4 Nf6 2. Nf3 g6 3. g3 Bg7 4. Bg2 O-O 5. O-O d5 6. c4 dxc4 7. Na3 c3 8. bxc3
c5 9. e3 Nc6 10. Bb2 Rb8 11. Qe2 a6 12. Rfd1 cxd4 13. cxd4 b5 14. d5 Na5 15. Ne5
Qd6 16. Nc6 Nxc6 17. dxc6 Qc7 18. h3 Be6 19. Rac1 Rfd8 20. Bd4 Ne8 21. Bxg7 Kxg7
22. Qb2+ f6 23. Nc2 Bc4 24. Rxd8 Rxd8 25. Nd4 Kf7 26. Qb4 Nd6 27. Qc5 e6 28. a4
Rb8 29. axb5 axb5 30. Ra1 Nc8 31. Rb1 Nd6 32. Rd1 Rd8 33. Ra1 Nc8 34. Nxb5 Bxb5
35. Qxb5 Nb6 36. Ra6 Rb8 37. Qa5 Kg8 38. Ra7 Qd6 39. Rb7 Rxb7 40. cxb7 1-0

[Event "London Classic FIDE Open"]
[Site "London ENG"]
[Date "2011.12.03"]
[Round "1"]
[White "Ansell, Simon T"]
[Black "Wallis, Ian J"]
[Result "1-0"]
[WhiteTitle "IM"]
[WhiteElo "2389"]
[BlackElo "2003"]
[WhiteFideId "402141"]
[BlackFideId "468452"]
[EventDate "2011.12.03"]

1. e4 e5 2. Nf3 Nc6 3. Bb5 a6 4. Ba4 d6 5. c3 Bd7 6. O-O Nge7 7. d4 Ng6 8. d5
Nb8 9. Bxd7+ Nxd7 10. c4 Be7 11. Nc3 O-O 12. Qc2 Nh4 13. Ne1 Bg5 14. g3 Bxc1 15.
Rxc1 Qg5 16. Kh1 Ng6 17. Nf3 Qh5 18. Qe2 f5 19. Nd4 Qxe2 20. Ndxe2 f4 21. f3 h6
22. Kg2 Kh7 23. Rc2 Rab8 24. Nc1 b6 25. b4 Ra8 26. Nb3 Ne7 27. Rfc1 g5 28. g4
Kg6 29. c5 Kf7 30. Na4 a5 31. cxd6 cxd6 32. bxa5 Nc5 33. Nxb6 Nxb3 34. axb3 Rxa5
35. Rc7 Ra2+ 36. R1c2 Rxc2+ 37. Rxc2 Rb8 38. Nc4 Nc8 39. Nd2 Ke8 40. Rc7 Ne7 41.
Kf2 Ra8 42. Ke2 Kd8 43. Rc2 Ra1 44. Kd3 Kd7 45. b4 Rh1 46. b5 Nc8 47. Nc4 Rf1
48. Ke2 Rb1 49. Rb2 Rxb2+ 50. Nxb2 Na7 51. b6 Nb5 52. Nc4 Nd4+ 53. Kf2 Nb5 54.
Na5 Nd4 55. b7 Kc7 56. Nc6 Kxb7 57. Nxd4 exd4 58. Ke2 1-0